| Поле | Инд. | ПП | Название | Значение |
|---|---|---|---|---|
| Тип записи | a | |||
| Библиографический уровень | b | |||
| 001 | Контрольный номер | UNIDUBNA9e6e3f4a078940b3978926f6e97fa03d | ||
| 005 | Дата корректировки | 20260519171008.0 | ||
| 008 | Кодируемые данные | 20170331 | ||
| 040 | b | Код языка каталог. | rus | |
| e | Правила каталог. | PSBO | ||
| 041 | 0_ | a | Код языка текста | rus |
| 084 | a | Индекс другой классификации/Индекс ББК | 63.3(2)521-3-7.11 | |
| 100 | 1_ | a | Автор | Миркин Я. |
| q | Полное имя | Миркин Яков | ||
| 245 | 10 | a | Заглавие | Бенкендорфы эпохи Пушкина |
| b | Продолж. заглавия | Справедливо ли, что мы помним их только благодаря поэту? | ||
| 520 | 0_ | a | Аннотация | Граф Александр Христофорович Бенкендорф - шеф жандармерии, глава тайной полиции, политический деятель эпохи Пушкина. Но сам он так не считал. В его записках (1802 - 1837 гг.) Пушкин даже не упоминается. Бенкендорфу было поручено стать посредником между императором и Пушкиным в надзоре за его поведением. Но время может всё перевернуть. В нем может быть необыкновенно важен Пушкин, он - в благодарной памяти потомков, а Бенкендорф - постольку, поскольку он сообщался с ним, он был в его орбите, влиял на Пушкина, как сила, призванная сверху, быть тем, кто может сказать "нет" и "ни за что"... |
| 600 | 14 | a | Персоналии | Бенкендорф Александр Христофорович |
| a | Персоналии | Николай I (рос. император) | ||
| a | Персоналии | Пушкин Александр Сергеевич | ||
| 650 | 14 | a | Основная рубрика | внутренняя политика |
| a | Основная рубрика | история | ||
| 653 | 0_ | a | Ключевые слова | XIX век |
| a | Ключевые слова | государственная служба | ||
| a | Ключевые слова | культура | ||
| a | Ключевые слова | надзорные мероприятия | ||
| a | Ключевые слова | общественно-политическая жизнь | ||
| a | Ключевые слова | политическая неблагонадежность | ||
| a | Ключевые слова | полицейский надзор | ||
| a | Ключевые слова | Россия | ||
| a | Ключевые слова | свободомыслие | ||
| a | Ключевые слова | цензура | ||
| 773 | 08 | t | Заглавие источника | Родина |
| d | Дата издания источника | 2024 | ||
| g | Прочая информация | № 4. - С. 50 - 52 : ил. | ||
| w | Контрольный № источника | UNIDUBNA06748ebef1dc4c8fbd70c6831f8aaaea | ||
| 901 | t | Тип документа | b |